The effects of global warming on ski tourism in Austria

Bibliográfiai részletek
Szerző: Gubucz Szilvia
További közreműködők: Kovács Dr. Edina
Dokumentumtípus: Diplomadolgozat
Kulcsszavak:Adaptation
Austria
global warming
ski tourism
Winter tourism
Online Access:http://dolgozattar.uni-bge.hu/60194

MARC

LEADER 00000nta a2200000 i 4500
001 dolg60194
005 20260409150124.0
008 260409suuuu hu om 000 eng d
040 |a BGE Dolgozattár Repozitórium  |b hun 
041 |a en 
100 1 |a Gubucz Szilvia 
245 1 4 |a The effects of global warming on ski tourism in Austria  |c Gubucz Szilvia  |h [elektronikus dokumentum] 
520 3 |a The dissertation investigates the impact of global warming on ski tourism in Austria. This will be done by using secondary sources as well as primary research, highlighting the reduced reliability of snow cover, shorter seasons, and changing tourist motivations and behaviour. Interviews and surveys established high levels of awareness of the impacts of climate change, as well as strong collective support for adaptation. Overall, the findings from this study conclude that resorting to sustainable diversification and implementing collaborative strategies are of paramount importance to facilitate the future sustainability of ski tourism in Austria. 
695 |a Adaptation 
695 |a Austria 
695 |a global warming 
695 |a ski tourism 
695 |a Winter tourism 
700 1 |a Kovács Dr. Edina  |e ths 
856 4 0 |u http://dolgozattar.uni-bge.hu/60194/1/The%20effects%20of%20global%20warming%20on%20ski%20tourism%20in%20Austria_2025_GB7T3A.pdf  |z Dokumentum-elérés 
856 4 0 |u http://dolgozattar.uni-bge.hu/60194/2/Assesment%20Sheet_%20SzilviaGUBUCZ.pdf  |z Dokumentum-elérés 
856 4 0 |u http://dolgozattar.uni-bge.hu/60194/3/Gubucz_Szilvia_supervisor_KE.pdf  |z Dokumentum-elérés